General Knowledge Pub Quiz #2 - Statistics

General Stats
  • This quiz has been taken 143 times
  • The average score is 12 of 20
Answer Stats
Question Answer % Correct
Which politician won the American 2008 and 2012 presidential elections? Barack Obama
96%
Founded in 1958 in Denmark, this currently the most profitable toy company in present day Lego
91%
How many years after the Summer Olympics do the Winter Olympics take place? 2
88%
In 2026, this argument-inciting family board game celebrated its 90th anniversary Monopoly
86%
After his release from prison, this anti-Apartheid leader became president of South Africa in 1994 Nelson Mandela
86%
The film Cool Runnings is based of what country's first bobsled team? Jamaica
84%
What island is one of the largest in the world and owned by Denmark? Greenland
83%
In 2010, a devastating 7.0 magnitude earthquake struck this Caribbean nation Haiti
70%
The famous temple Angkor Wat is located in what Asian country? Cambodia
61%
Known for his bright colours and signature cinematography style, who directed Fantastic Mr Fox and The Grand Budapest Hotel? Wes Anderson
54%
'Seppuku' was the self sacrifice of which group of elite warrior soldiers? Samurai
53%
Which of Newton's Laws of Motion explains that every actions must have an equal and opposite reaction Third
53%
What famous soft drink was produced by Nazi Germany because of the US embargo of Coca Cola? Fanta
49%
In the hit song by Bananarama, what ancient Roman goddess do they find on a mountaintop, burning like a silver flame? Venus
43%
Which British rockband is known for Don't Stop and Little Lies? Fleetwood Mac
42%
What famous Eastern Zhou Chinese general wrote The Art of War? Sun Tsu
36%
What artistic movement based itself in freedom of unconscious mind, exploring the illogical and nonsensical, in a break from traditionalism, with notable figures like Dalí and Magritte? Surrealism
34%
In 2014, which actor wrongly introduced Idina Menzel as 'Adele Dazeem' at the academy awards? John Travolta
22%
What American banking brothers went bust during the 2008 financial crisis? Lehman
20%
If you create something set in the past and include something widely believed to be out of place, but is actually historically accurate, is known as the _______ Problem Tiffany
0%
No matching quizzes found
Score Distribution
Percent of People with Each Score
Percentile by Number Answered
Your Score History
You have not taken this quiz